Statistics for Portsmouth Best Scorer By Year

Click here to take the quiz!

General Stats

  • This quiz has been taken 43 times
  • The average score is 3 of 11

Answer Stats

Player% Correct
Peter Crouch
78%
Nwankwo Kanu
50%
Yakubu Aiyegbeni
50%
Lomana LuaLua
36%
Aruna Dindane
25%
Peter Harris
25%
Benjani Mwaruwari
19%
Kevin Dillon
8%
Duggie Reid
6%
Johnny Gordon
6%
Ron Saunders
6%

Score Distribution

Percentile by Number Answered

Percent of People with Each Score

Your Score History

You have not taken this quiz